000
00336 a2200157 4500
001
170451
020
_a
040
_c
Magnum
100
_a
Vesentini, J. William
240
1
0
_a
Historia e geografia/ v.1
_l
por
245
1
0
_a
Historia e geografia/ v.1
362
0
_a
1899
440
1
_a
Ática
697
_a
PARADIDATICO
942
_c
BK
999
_c
170451
_d
170451